Представление документа в формате RUSMARC

ПолеНазваниеЗначение
  Тип записи a
  Библиографический уровень m
001 Контрольный номер d5b7459bb93440f1ba8fea644447468e
005 Дата корректировки 20241022093934.5
010 Индекс ISBN __
a ISBN 978-5-699-70318-0
b Уточнения в пер.
9 Тираж 3000 экз.
d Цена 200-00
100 Данные общей обработки __
a Данные общей обработки 20220516d2015 m y0rusy028902 ca
101 Язык документа 1_
a Язык текста rus
c Язык оригинала eng
102 Страна публикации __
a Страна публикации RU
105 Кодированные данные (монография) __
a Кодированные данные (монография) y z 000ay
181 Поле кодированных данных: вид содержания _0
a Код вида содержания (ISBD) i
182 Поле кодированных данных: тип средства _0
a Код типа средства (ISBD) n
200 Заглавие и сведения об ответственности 1_
a Заглавие Проклятие Ведьмака
e Сведения, относящиеся к заглавию повесть : для среднего школьного возраста
f Первые сведения об ответственности Джозеф Дилейни ; перевод с английского Б. М. Жужунавы
203 Вид содержания и тип средства __
a Вид содержания Текст
c Тип средства непосредственный
210 Выходные данные 1_
a Место издания Москва
c Издательство ЭКСМО
d Дата издания 2015
215 Физическое описание __
a Объем 348, [1] с.
d Формат 22 см
225 Серия 2_
a Серия Ученик Ведьмака
e Сведения, относящиеся к заглавию серии мировой фэнтези-бестселлер для подростков
330 Аннотация __
a Аннотация Томаса Уорда отдали в ученики Ведьмаку, когда ему было всего тринадцать лет. Ремесло это нелегкое и опасное, учиться ему надо много лет, да и люди почему-то сторонятся тех, кто защищает их от нежити. Но мама Тома хотела, чтобы ее седьмой сын стал ведьмаком, и Том, подумав, согласился. Кто-то же должен делать эту тяжелую работу. И вот, спустя несколько месяцев, они с наставником отправляются в далекий город, в подземельях которого обитает одно из самых могущественных и злобных порождений Тьмы - демон по имени Лихо. Ведьмак, учитель Тома, твердо намерен уничтожить демона, несмотря на давнее проклятие, грозящее ему гибелью в одиночестве под землей. Но судьба решила иначе, и самое трудное испытание выпадает на долю Тома...
333 Примечание о целевом назначении __
a Примечание о целевом назначении 12+. Для детей старше 12 лет
454 Оригинал _0
1 2001
a The Spook's Curse
1 700 1
a Delaney
b J.
g Joseph
606 Тематические рубрики __
a Основная рубрика Художественная литература
2 Код системы nlr_sh
606 Тематические рубрики __
a Основная рубрика Литература Европы (произведения)
2 Код системы nlr_sh
y Географическая подрубрика Великобритания
y Географическая подрубрика Англия
z Хронологическая подрубрика 21 в.
610 Ключевые слова 0_
a Ключевые слова детская литература
610 Ключевые слова 0_
a Ключевые слова подростковая литература
610 Ключевые слова 0_
a Ключевые слова зарубежная литература
610 Ключевые слова 0_
a Ключевые слова английская литература
610 Ключевые слова 0_
a Ключевые слова тема волшебства
610 Ключевые слова 0_
a Ключевые слова тема зла
610 Ключевые слова 0_
a Ключевые слова детское фэнтези
610 Ключевые слова 0_
a Ключевые слова тема добра
610 Ключевые слова 0_
a Ключевые слова тема судьбы
610 Ключевые слова 0_
a Ключевые слова тема магии
610 Ключевые слова 0_
a Ключевые слова тема борьбы
610 Ключевые слова 0_
a Ключевые слова фэнтези
610 Ключевые слова 0_
a Ключевые слова фэнтези
686 Индексы других классификаций __
a Классификационный индекс 84(4Вел)6-445; ст84(4Вел)-445
2 Код системы rubbks
700 Автор _1
a Фамилия Дилейни
b Имя Д.
4 Код отношения 070
f Даты 1945-
g Полное личное имя Джозеф
702 Вторичная интеллектуальная ответственность _1
a Фамилия Жужунава
b Имя Б. М.
4 Код отношения 730
g Полное личное имя Бэла Михайловна
801 Источник записи _0
a Страна RU
b Организация Муниципальное бюджетное учреждение культуры "Централизованная библиотечная система" г. Сургут (Центральная городская библиотека им. А. С. Пушкина)
g Правила каталогизации PSBO
c Дата составления 20220516
801 Источник записи _1
a Страна RU
b Организация Муниципальное бюджетное учреждение культуры "Централизованная библиотечная система" г. Сургут (Центральная городская библиотека им. А. С. Пушкина)
g Правила каталогизации PSBO
c Дата составления 20220516
852 Данные о местонахождении __
j Шифр хранения 84(4Вел)6-445
i Авторский знак Д 46
900 Макрообъекты __
a Макрообъекты Проклятие Ведьмака, 2015
901 Тип документа __
a Ответственный ООФиК/Волкова
t Тип документа m
903 Характеристики (МАРС) __
a Дата передачи 20220516
c Наименование библиотеки (МАРС) Муниципальное бюджетное учреждение культуры "Централизованная библиотечная система" г. Сургут (Центральная городская библиотека им. А. С. Пушкина)
969 Тип издания __
a Тип издания издание для детей
990 Данные о заказе (DOS) __
j Количество экземпляров (DOS) 1
t N записи в КСУ для И/У (DOS) 202205